| 000 | 00362 a2200169 4500 | ||
|---|---|---|---|
| 001 | 187252 | ||
| 020 | _a85-357-0320-9 | ||
| 040 | _cMagnum | ||
| 100 | _aHetzel, Grasiela Bozano | ||
| 240 | 1 | 0 |
_aFérias de arrepiar _lpor |
| 245 | 1 | 0 | _aFérias de arrepiar |
| 300 | _a80 | ||
| 362 | 0 | _a2003 | |
| 440 | 1 | _aAtual | |
| 697 | _aLITERATURA JUVENIL | ||
| 942 | _cBK | ||
| 999 |
_c187252 _d187252 |
||